000 00358nam a22001577a 4500
003 MPLRDC
005 20220104113757.0
008 210129b ||||| |||| 00| 0 eng d
082 _a857.45 GY-14
100 _a高阳
245 _a桐花凤
_c
260 _a
_b长城出版社
_c1964
300 _b
650 _a历史小说
942 _cBK
_o857.45 GY-14
999 _c2282
_d2272